00237nam a2200109 a 4500008004100000050001500041100002000056245002100076250001200097260000900109350000900118120416s1977 xx |||||||||||||| || u aTT 165 Lin aLinbeck, John R10aGeneral industry a2nd ed. c1977 a0.00